[Event "SportAccord Rapid Men 2012"]
[Site "Beijing CHN"]
[Date "2012.12.14"]
[Round "3.1"]
[White "Nakamura,Hi"]
[Black "Kamsky,G"]
[Result "1-0"]
[WhiteElo "2760"]
[BlackElo "2762"]

1.Nf3 Nf6 2.c4 c6 3.d4 d5 4.Nc3 a6 5.c5 Bf5 6.Qb3 Qc8 7.Bf4 Nbd7 8.h3 e6
9.e3 Be7 10.Nh4 Be4 11.Be2 h6 12.Nf3 Bh7 13.O-O O-O 14.Na4 Bd8 15.Ne5 Bc7
16.Rac1 Rb8 17.Nb6 Qd8 18.Bxa6 Nxe5 19.dxe5 Ne4 20.Bd3 Nxc5 21.Bxh7+ Kxh7
22.Qc2+ Kg8 23.Nxd5 Qxd5 24.Qxc5 Qxa2 25.b4 Qd5 26.Qxd5 exd5 27.b5 Rfe8 28.bxc6 bxc6
29.Rxc6 Bxe5 30.Bxe5 Rxe5 31.Rd6 Kf8 32.Rd1 Rb5 33.Rd7 Ke8 34.Ra7 Rb8 35.Ra5 Rd8
36.Rd4 Ke7 37.Kf1 Rd7 38.Ke2 g5 39.Kd3 Rf5 40.Ke2 h5 41.g3 Rb7 42.Raxd5 Rb2+
43.Rd2 Rxd5 44.Rxb2 Kf6 45.f3 Kg6 46.Rb4 Ra5 47.h4 Ra2+ 48.Kf1 gxh4 49.Rxh4 Ra3
50.Re4 f5 51.Re5 Ra2 52.Re6+ Kg7 53.e4 fxe4 54.Rxe4 Kf6 55.Re2 Ra3 56.Kg2 Ra4
57.Rb2 Ra3 58.Rb6+ Kg7 59.Re6 Ra1 60.Kf2 Ra3 61.Re1 Kg6 62.Kg2 Kg5 63.Rb1 Kg6
64.f4 Ra2+ 65.Kh3 Rf2 66.Rb6+ Kg7 67.Kh4 Rh2+ 68.Kg5 Rh3 69.Rb3 Rh1 70.f5 Rf1  1-0

[Event "SportAccord Rapid Men 2012"]
[Site "Beijing CHN"]
[Date "2012.12.14"]
[Round "4.1"]
[White "Aronian,L"]
[Black "Nakamura,Hi"]
[Result "1/2-1/2"]
[WhiteElo "2815"]
[BlackElo "2760"]

1.d4 Nf6 2.c4 e6 3.Nc3 Bb4 4.Nf3 b6 5.Bf4 Ne4 6.Qc2 Bb7 7.e3 O-O 8.Be2 f5
9.O-O Bxc3 10.bxc3 d6 11.Rab1 Nd7 12.c5 dxc5 13.Ne5 Nxe5 14.Bxe5 Qe7 15.f3 Nf6
16.Rfe1 cxd4 17.exd4 Nd5 18.Bc4 f4 19.Bxd5 Bxd5 20.c4 Bb7 21.Qa4 Rf5 22.Rb2 a6
23.Qb4 Qd7 24.Rbe2 Re8 25.h3 h6 26.Rc1 Bc6 27.Rce1 Ref8 28.Qa3 Bb7 29.Rc2 R8f7
30.c5 Qc6 31.Qc3 b5 32.d5 Qxd5 33.Rd2 Qc4 34.Rd8+ Kh7 35.Qxc4 bxc4 36.Bc3 Bd5
37.Rc8 Rd7 38.Re5 Rff7 39.Rb8 Rfe7 40.Rb4 Rd8 41.Kf2 g5 42.h4 Kg6 43.Rb1 Ree8
44.Rbe1 Rf8 45.Rh1 Rb8 46.Ke2 Rb5 47.hxg5 hxg5 48.Rg1 Rf5 49.Rxf5 Kxf5 50.Rh1 e5
51.Rh8 Rxc5 52.Rf8+ Kg6 53.Re8 e4 54.fxe4 Bf7 55.Re7 g4 56.a3 Rb5 57.Rxc7 Rb3
58.Rc6+ Kh7 59.Be5 Re3+ 60.Kd2 Rxe4 61.Rf6 Bh5 62.Bxf4 Kg7 63.Bg5 g3 64.Rxa6 Re2+
65.Kc3 Rxg2 66.Bf4 Bf7 67.Be5+ Kf8 68.Bd6+ Ke8 69.Bc5 Rh2 70.Ra7 g2 71.Re7+ Kf8
72.Re3+ Kg7 73.Rg3+ Kf6 74.Bg1 Rh1 75.Rxg2 Rh3+ 76.Kb4 Rb3+ 77.Kc5 Rxa3 78.Bd4+ Ke7
79.Re2+ Kd7 80.Re3 Ra8 81.Rh3 Rc8+ 82.Kb5 Kd6 83.Kb4 Rb8+ 84.Ka3 Be6 85.Re3 Kd5
86.Bg7 Bf7 87.Re5+ Kc6 88.Re3 Bg8 89.Rh3 Rb7 90.Bh8 Bh7 91.Rh6+ Kd5 92.Rh5+ Ke4
93.Rh4+ Kd5 94.Rh5+ Ke6 95.Rh6+ Kf5 96.Rh4 Rb3+ 97.Ka4 Bg8 98.Rh5+ Ke4 99.Rc5 Bd5
100.Ka5 Rb8 101.Bg7 Rg8 102.Bf6 Rg6 103.Bh8 Rc6 104.Rxc6 Bxc6  1/2-1/2

[Event "SportAccord Rapid Men 2012"]
[Site "Beijing CHN"]
[Date "2012.12.15"]
[Round "5.1"]
[White "Nakamura,Hi"]
[Black "Fressinet,L"]
[Result "0-1"]
[WhiteElo "2760"]
[BlackElo "2700"]

1.c4 Nf6 2.Nc3 e5 3.g3 d5 4.cxd5 Nxd5 5.Bg2 Nb6 6.e3 Nc6 7.Nge2 Bf5 8.O-O Qd3
9.f4 e4 10.a3 Be7 11.b4 Bf6 12.Ra2 O-O-O 13.Qc2 Rhe8 14.h3 h5 15.Kh2 g6 16.Rf2 Bg7
17.Kg1 Kb8 18.Kh2 Kc8 19.Kg1 Kb8 20.g4 hxg4 21.hxg4 Bxg4 22.Bxe4 Qd7 23.Bg2 Bh3
24.Bf3 Bg4 25.Bg2 Bh3 26.Bf3 Bg4 27.Bh1 Rh8 28.Ne4 Bxe2 29.Bg2 Bd3 30.Nc5 Bxc2
31.Nxd7+ Rxd7 32.Rxc2 Re8 33.Bxc6 bxc6 34.Rxc6 Kb7 35.Rc2 Rd3 36.f5 Rd5 37.fxg6 fxg6
38.Rg2 Re6 39.Kf2 Rf5+ 40.Kg1 a5 41.bxa5 Rxa5 42.Bb2 Bxb2 43.Rxb2 Rxa3 44.Kf2 Kc8
45.Rc2 Ra5 46.Ke2 Rh5 47.Rc1 Nd5 48.Rc4 Kd7 49.Rcg4 c5 50.Ra4 Ne7 51.Ra7+ Ke8
52.Kd3 Rh4 53.Rc7 Rd6+ 54.Kc2 Rh5 55.Rb7 Rd7 56.Rb8+ Kf7 57.Rf2+ Kg7 58.Rg2 Rhd5
59.Rb6 R5d6 60.Rb5 Rc7 61.Rg4 Nf5 62.Ra5 Kf6 63.Ra8 Rcd7 64.Rg2 Kf7 65.Rf2 Kg7
66.Rg2 Rc6 67.Ra5 Kf7 68.Rf2 Rf6 69.Rh2 Rc6 70.Rf2 Re7 71.Rf4 Kg7 72.Rf2 c4
73.Rg2 Kf7 74.Ra3 Nd6 75.Ra8 c3 76.Rf2+ Nf5 77.dxc3 Rxe3 78.Ra3 Kf6 79.Kd2 Rd6+
80.Kc2 Rde6 81.Kd2 R3e5 82.Ra8 Kg7 83.Ra7+ Re7 84.Ra6 Rd7+ 85.Kc1 Rc7 86.Ra3 Ng3
87.Rg2 Ne4 88.Ra6 Rxc3+ 89.Kb2 Rb5+ 90.Ka2 Rg3 91.Ra7+ Kf6 92.Rh2 Nc3+ 93.Ka3 Nd5+
94.Ka2 Nb4+ 95.Ka1 Rg1+  0-1

[Event "SportAccord Rapid Men 2012"]
[Site "Beijing CHN"]
[Date "2012.12.15"]
[Round "6.2"]
[White "Grischuk,A"]
[Black "Nakamura,Hi"]
[Result "0-1"]
[WhiteElo "2764"]
[BlackElo "2760"]

1.e4 Nf6 2.e5 Nd5 3.d4 d6 4.Nf3 dxe5 5.Nxe5 c6 6.Be2 g6 7.Nd2 Nf4 8.Bc4 Be6
9.Bxe6 Nxe6 10.Qf3 f6 11.Qb3 Qxd4 12.Ndf3 Qe4+ 13.Be3 fxe5 14.Qxe6 Nd7 15.O-O-O Qf5
16.Qb3 Nb6 17.Ng5 Nd5 18.Rxd5 cxd5 19.Qxd5 Rc8 20.c3 Bh6 21.Ne6 Bxe3+ 22.fxe3 Qf6
23.Rd1 h5 24.Qb5+ Kf7 25.Rf1 Qxf1+ 26.Qxf1+ Kxe6 27.Qd3 Kf6 28.Qd7 Rb8 29.Kc2 Rhc8
30.a4 Rc6 31.a5 a6 32.h4 Rc5 33.g3 Rc6 34.Kb1 Rc5 35.Kc2 Rc4 36.Kb3 Rc6 37.g4 hxg4
38.Qxg4 Rc5 39.Qd7 b6 40.Qa7 bxa5+ 41.Qxb8 Rb5+ 42.Qxb5 axb5 43.c4 bxc4+
44.Kxc4 Kf5 45.Kb5 Ke4 46.Kxa5 Kxe3 47.b4 e4 48.b5 Kf3 49.b6 e3 50.b7 e2
51.b8=Q e1=Q+ 52.Ka6 Qa1+  0-1

[Event "SportAccord Blindfold Men 2012"]
[Site "Beijing CHN"]
[Date "2012.12.18"]
[Round "1.6"]
[White "Nakamura,Hi"]
[Black "Bologan,V"]
[Result "1-0"]
[WhiteElo "2760"]
[BlackElo "2681"]

1.d4 d5 2.c4 c6 3.Nc3 Nf6 4.e3 a6 5.Qc2 e6 6.c5 Nbd7 7.b4 g6 8.f4 Bg7 9.Bd3 O-O
10.Nf3 b6 11.Rb1 a5 12.a3 axb4 13.axb4 bxc5 14.bxc5 Ba6 15.O-O Qc7 16.Ne5 Rfb8
17.Rxb8+ Nxb8 18.Bd2 Nfd7 19.e4 Bxd3 20.Qxd3 Nf6 21.exd5 Nxd5 22.Nxd5 exd5
23.f5 Nd7 24.Nxd7 Qxd7 25.f6 Bf8 26.h3 h5 27.Re1 Re8 28.Rxe8 Qxe8 29.g4 Qe6
30.Qf3 Qc8 31.gxh5 Qb7 32.Qd3 Kh7 33.h4 Qd7 34.Kf2 Qg4 35.hxg6+ fxg6 36.Bg5 Bh6
37.Qe3 Bf8 38.Ke1 Kg8 39.Qf4  1-0

[Event "SportAccord Blindfold Men 2012"]
[Site "Beijing CHN"]
[Date "2012.12.18"]
[Round "2.1"]
[White "Nakamura,Hi"]
[Black "Aronian,L"]
[Result "1/2-1/2"]
[WhiteElo "2760"]
[BlackElo "2815"]

1.Nf3 Nf6 2.c4 e6 3.b3 b6 4.g3 Bb7 5.Bg2 Be7 6.O-O O-O 7.d4 d5 8.cxd5 Nxd5
9.Bb2 Nd7 10.Nbd2 N5f6 11.Qc2 Rc8 12.Rac1 c5 13.Qb1 Rc7 14.dxc5 Rxc5 15.Rxc5 Bxc5
16.b4 Be7 17.a3 Qa8 18.Rc1 Rd8 19.Ne1 Bxg2 20.Nxg2 a5 21.Nf3 axb4 22.axb4 h6
23.Ne3 Rc8 24.b5 Rxc1+ 25.Qxc1 Bc5 26.Bd4 Qa2 27.Qc4 Qb1+ 28.Kg2 Ne4 29.Qc2 Qxc2
30.Nxc2 f6 31.Bxc5 bxc5 32.Na3 Kf7 33.Kf1 e5 34.Ke1 Ke6 35.Nd2 Nc3 36.e4 Nb6
37.f3 c4 38.h4 h5 39.g4 g6 40.gxh5 gxh5 41.Nf1 f5 42.Kd2 Nca4 43.Ng3 f4 44.Nf5 Kd7
45.Ng7 Ke7 46.Kc2 Kf7 47.Nf5 Ke6 48.Nb1 Nc8 49.Nc3 Nxc3 50.Kxc3 Nb6 51.Kb4 Kd7
52.Ng7 Ke7 53.Nf5+ Kd7 54.Kc3 Ke6 55.Ng7+ Kf7 56.Nf5 Ke6 57.Kd2 Na4  1/2-1/2

[Event "SportAccord Blindfold Men 2012"]
[Site "Beijing CHN"]
[Date "2012.12.18"]
[Round "4.4"]
[White "Jobava,Ba"]
[Black "Nakamura,Hi"]
[Result "0-1"]
[WhiteElo "2711"]
[BlackElo "2760"]

1.b3 e5 2.Bb2 Nc6 3.e3 d5 4.Bb5 Bd6 5.f4 Qh4+ 6.g3 Qe7 7.Nf3 f6 8.Nc3 d4
9.Nd5 Qf7 10.fxe5 fxe5 11.O-O Qxd5 12.Bc4 Qa5 13.Ng5 Nh6 14.Qh5+ Kd8 15.Rf7 Qxd2
16.Raf1 Qxe3+ 17.Kg2 Bg4 18.Qh4 Kc8 19.Rxg7 Rf8 20.Bc1 Qc3 21.Nf7 Qxc2+ 22.Kg1 Nxf7
23.Qxg4+ Kb8 24.Rgxf7 Re8 25.Qe6 Rd8 26.Bg5 a6 27.R7f2 Qc3 28.Bxd8 Nxd8 29.Qd7 Nc6
30.Qxh7 Ka7 31.Kg2 Nb4 32.a3 Nc6 33.Qe4 Bxa3 34.h4 Rh8 35.Rf3 Qa5 36.Kh3 Bd6
37.Rf7 Qd2 38.R1f6 Qb4 39.Rd7 Na5 40.Bd5 Qb5 41.Rdf7 Rd8 42.Rf3 Bb4 43.Bc4 Nxc4
44.bxc4 Qxc4 45.g4 Qd5 46.Qxd5 Rxd5 47.g5 d3 48.Rf1 e4 49.g6 e3 50.g7 Rd8
51.Rxc7 e2 52.Rff7 Kb6 53.Rxb7+ Ka5 54.Rbd7 e1=Q 55.Rxd8 Qe6+ 56.Kg3 Bd6+
57.Kg2 Qg6+ 58.Kh3  0-1

[Event "SportAccord Blindfold Men 2012"]
[Site "Beijing CHN"]
[Date "2012.12.19"]
[Round "5.3"]
[White "Nakamura,Hi"]
[Black "Radjabov,T"]
[Result "1-0"]
[WhiteElo "2760"]
[BlackElo "2793"]

1.d4 Nf6 2.c4 g6 3.Nc3 Bg7 4.e4 d6 5.Nf3 O-O 6.Be2 e5 7.O-O Nc6 8.d5 Ne7
9.Kh1 Ne8 10.Ne1 f5 11.exf5 Nxf5 12.Bd3 Nf6 13.Nc2 Bd7 14.Bg5 h6 15.Bd2 Qe7
16.Qe2 Rae8 17.Rae1 Qd8 18.Qd1 Nh4 19.f3 Nf5 20.g4 Nh4 21.g5 Nh5 22.gxh6 Bf6
23.Rg1 Kh7 24.Ne4 Nf4 25.Bxf4 exf4 26.Qe2 Kxh6 27.Qf2 Rh8 28.Re2 b6 29.Nd4 Bxd4
30.Qxd4 Re5 31.Nf2 Qf6 32.Be4 Nf5 33.Ng4+ Kg7 34.Qc3  1-0

[Event "SportAccord Blindfold Men 2012"]
[Site "Beijing CHN"]
[Date "2012.12.19"]
[Round "6.2"]
[White "Mamedyarov,S"]
[Black "Nakamura,Hi"]
[Result "0-1"]
[WhiteElo "2764"]
[BlackElo "2760"]

1.d4 f5 2.c4 Nf6 3.Nc3 d6 4.Bg5 Nbd7 5.Qc2 g6 6.h4 h6 7.Bxf6 Nxf6 8.O-O-O c6
9.Nh3 Qa5 10.e3 e5 11.Be2 Be6 12.Kb1 Rc8 13.h5 g5 14.dxe5 dxe5 15.g4 fxg4
16.Nxg5 hxg5 17.Qg6+ Ke7 18.Qg7+ Bxg7  0-1

[Event "75th Tata Steel GpA"]
[Site "Wijk aan Zee NED"]
[Date "2013.01.12"]
[Round "1.4"]
[White "Anand,V"]
[Black "Nakamura,Hi"]
[Result "1/2-1/2"]
[WhiteElo "2772"]
[BlackElo "2769"]

1.e4 e6 2.d4 d5 3.Nc3 Nf6 4.e5 Nfd7 5.f4 c5 6.Nf3 Nc6 7.Be3 cxd4 8.Nxd4 Qb6
9.Qd2 Qxb2 10.Rb1 Qa3 11.Bb5 Nxd4 12.Bxd4 a6 13.Bxd7+ Bxd7 14.Rb3 Qe7 15.Rxb7 Qh4+
16.Bf2 Qd8 17.Bb6 Qc8 18.Rc7 Qd8 19.Qd4 Rc8 20.Rxc8 Qxc8 21.O-O Qc6 22.Rb1 Be7
23.Qe3 O-O 24.Bd4 Rc8 25.Rb6 Qc4 26.Rb7 Qc6 27.Rb6 Qc4 28.Rb7 Qc6  1/2-1/2

[Event "75th Tata Steel GpA"]
[Site "Wijk aan Zee NED"]
[Date "2013.01.13"]
[Round "2.6"]
[White "Nakamura,Hi"]
[Black "Sokolov,Ivan"]
[Result "1/2-1/2"]
[WhiteElo "2769"]
[BlackElo "2663"]

1.c4 e5 2.Nc3 Nf6 3.g3 Bb4 4.Nf3 e4 5.Nd4 Nc6 6.Nc2 Bxc3 7.bxc3 O-O 8.Bg2 d5
9.cxd5 Qxd5 10.f3 exf3 11.Bxf3 Qa5 12.Bg2 Bf5 13.O-O Be4 14.Ne3 Bxg2 15.Kxg2 Rfe8
16.Rf5 Re5 17.Qf1 Rae8 18.Rxf6 gxf6 19.Qxf6 R8e6 20.Qf3 Ne7 21.Qxb7 Nf5 22.c4 Qc5
23.Qb3 Re4 24.Qd3 Nxe3+ 25.dxe3 Qxc4 26.Qd8+ Kg7 27.Bb2+ f6 28.Rf1 Qc6 29.Kg1 Qd6
30.Qxd6 Rxd6 31.Rc1 Rxe3 32.Rxc7+ Kg6 33.Kf2 Ree6 34.Rc2 Rc6 35.Rd2 Red6
36.Rxd6 Rxd6 37.a3 a5 38.Bc3 a4 39.Bb4 Rb6 40.Bc5 Rb5 41.Bd6 Rb3 42.h4 Kf5
43.Be7 Kg4 44.Bd6 f5 45.Kg2 h6 46.Kf2 h5 47.Kg2 f4 48.gxf4 Kxh4 49.e4 Kg4
50.f5 Rd3 51.Bb4 h4 52.f6 h3+ 53.Kh2 Rf3 54.e5 Rf2+ 55.Kh1 Kh5 56.Bc5 Rf3
57.Kh2 Kg4 58.Bb4 Rf2+ 59.Kh1 h2 60.f7 Rxf7 61.Kxh2 Rf2+ 62.Kg1 Re2 63.Bd6 Kf3
64.Kf1 Re4 65.Kg1 Re1+ 66.Kh2 Rd1 67.Bb4 Rd4 68.Bd6 Rh4+ 69.Kg1 Rh6 70.Bf8 Rh8
71.Bd6 Rh6 72.Bf8 Rb6 73.Bd6 Rb1+ 74.Kh2 Re1 75.Bc7 Ra1 76.Bd6 Rd1 77.Bb4 Rd4
78.Bd6 Rg4 79.e6 Rg2+ 80.Kh1 Re2 81.e7 Kg4 82.Kg1 Kf5 83.Kf1 Re6 84.Kf2 Kg6
85.Kf3 Kf7 86.Bb4 Ke8 87.Bc5 Kd7 88.Bb4 Rb6 89.Bc5 Rc6 90.Bb4 Rc4  1/2-1/2

[Event "75th Tata Steel GpA"]
[Site "Wijk aan Zee NED"]
[Date "2013.01.14"]
[Round "3.7"]
[White "Leko,P"]
[Black "Nakamura,Hi"]
[Result "1/2-1/2"]
[WhiteElo "2735"]
[BlackElo "2769"]

1.e4 e5 2.Nf3 Nc6 3.Bb5 a6 4.Ba4 Nf6 5.O-O b5 6.Bb3 Bc5 7.c3 d6 8.a4 Rb8
9.d4 Bb6 10.Na3 O-O 11.axb5 axb5 12.Nxb5 Bg4 13.Bc2 exd4 14.Nbxd4 Nxd4 15.cxd4 Re8
16.Re1 Bxf3 17.gxf3 Nh5 18.f4 Qh4 19.Ra3 Nxf4 20.Rg3 Qf6 21.Qf3 Nd5 22.Ba4 Qxf3
23.Rxf3 Re7 24.Bd2 Nf6 25.e5 dxe5 26.dxe5 Nd7 27.Bc3 Nc5 28.Bc2 Rd7 29.Bf5  1/2-1/2

[Event "75th Tata Steel GpA"]
[Site "Wijk aan Zee NED"]
[Date "2013.01.17"]
[Round "5.2"]
[White "Hou Yifan"]
[Black "Nakamura,Hi"]
[Result "0-1"]
[WhiteElo "2603"]
[BlackElo "2769"]

1.e4 c5 2.Nf3 Nc6 3.Nc3 g6 4.d4 cxd4 5.Nxd4 Bg7 6.Be3 Nf6 7.Bc4 O-O 8.Bb3 a6
9.f3 d6 10.Qd2 Na5 11.Bh6 Bxh6 12.Qxh6 e5 13.Nde2 b5 14.Qd2 b4 15.Na4 Nxb3
16.axb3 a5 17.O-O-O Ra6 18.h4 Be6 19.h5 Qe7 20.g4 Nd7 21.f4 Bxg4 22.f5 gxf5
23.exf5 Kh8 24.Qd3 Rc6 25.Rd2 Nf6 26.Ng3 e4 27.Qe3 Qe5 28.Rf1 Bf3 29.Ne2 Ng4
30.Qd4 Rfc8 31.c4 Bxe2 32.Qxe5+ Nxe5 33.Rxe2 d5 34.Kb1 dxc4 35.Rxe4 f6 36.bxc4 Rxc4
37.Re2 Rh4 38.Nb6 Rd8 39.Rc2 b3 40.Rc3 Rb4 41.Rc8 Rxc8 42.Nxc8 Kg7 43.Rg1+ Rg4
44.Re1 Rg2 45.Nd6 Kh6 46.Rd1 a4 47.Kc1 Rc2+ 48.Kb1 Nc4  0-1

[Event "75th Tata Steel GpA"]
[Site "Wijk aan Zee NED"]
[Date "2013.01.18"]
[Round "6.1"]
[White "Nakamura,Hi"]
[Black "L'Ami,E"]
[Result "1/2-1/2"]
[WhiteElo "2769"]
[BlackElo "2627"]

1.e4 c6 2.d4 d5 3.e5 Bf5 4.Nf3 e6 5.Be2 Ne7 6.O-O Nc8 7.Nbd2 Be7 8.c4 O-O
9.Qb3 Qc7 10.Bd3 Bg6 11.Bxg6 fxg6 12.Ne1 Na6 13.Qh3 Qd7 14.cxd5 cxd5 15.Ndf3 Nb6
16.Bg5 Rae8 17.Bxe7 Qxe7 18.Nd3 Rf5 19.Rac1 Nd7 20.Rc2 Ndb8 21.Rc3 Nc6 22.Nc1 Nab8
23.Ne2 Nd7 24.a3 Nb6 25.Nd2 g5 26.Rf3 Ref8 27.Rxf5 Rxf5 28.Rc1 h6 29.Qd3 Rf8
30.Qg6 Na4 31.b3 Nb6 32.a4 Nd7 33.Nf1 Rf7 34.Ne3 Nf8 35.Qd3 Qb4 36.g3 Rc7
37.Kg2 a6 38.f4 gxf4 39.gxf4 Rf7 40.Kh1 Ne7 41.Rf1  1/2-1/2

[Event "75th Tata Steel GpA"]
[Site "Wijk aan Zee NED"]
[Date "2013.01.19"]
[Round "7.7"]
[White "Wang Hao"]
[Black "Nakamura,Hi"]
[Result "0-1"]
[WhiteElo "2752"]
[BlackElo "2769"]

1.d4 d5 2.c4 e6 3.Nf3 c6 4.Qc2 dxc4 5.Qxc4 Nf6 6.Bg5 b5 7.Qc2 Bb7 8.e4 Nbd7
9.Nbd2 Qb6 10.a4 a6 11.axb5 cxb5 12.Bd3 Rc8 13.Qb1 h6 14.Be3 Ng4 15.O-O Nxe3
16.fxe3 e5 17.Nb3 Bb4 18.Qa2 O-O 19.Na5 Ba8 20.Kh1 Bxa5 21.Qxa5 Qxa5 22.Rxa5 f5
23.Rxa6 fxe4 24.Rxa8 Rxa8 25.Bxe4 Rad8 26.Ra1 exd4 27.exd4 Nb6 28.Ra5 Rxd4
29.Bc2 Rb4 30.Bd3 Ra8 31.Rxb5 Ra1+ 32.Ng1 Rxb5 33.Bxb5 Rb1 34.h3 Rxb2 35.Bc6 Kf7
36.Nf3 Kf6 37.Kh2 Nc4 38.Kg3 Ne3  0-1

[Event "75th Tata Steel GpA"]
[Site "Wijk aan Zee NED"]
[Date "2013.01.20"]
[Round "8.5"]
[White "Van Wely,L"]
[Black "Nakamura,Hi"]
[Result "1/2-1/2"]
[WhiteElo "2679"]
[BlackElo "2769"]

1.d4 Nf6 2.c4 e6 3.Nf3 Bb4+ 4.Bd2 a5 5.g3 d6 6.Bg2 Nbd7 7.O-O e5 8.Be3 exd4
9.Bxd4 O-O 10.a3 Bc5 11.Nc3 Re8 12.Qc2 c6 13.Rfd1 Qe7 14.h3 Ne5 15.Bxc5 Nxf3+
16.Bxf3 dxc5 17.Bg2 Qe5 18.e4 g5 19.Qd2 g4 20.h4 Nd7 21.Na4 Nf8 22.Qd6 Qxd6
23.Rxd6 Ne6 24.e5 Kg7 25.Re1 Ra6 26.Re4 h5 27.f3 gxf3 28.Bxf3 Rh8 29.Be2 b6
30.Kf2 Nd4 31.Bd1 Ne6 32.Be2 Nd4 33.Bd1 Ne6 34.Nc3 Ra7 35.Ne2 Rd7 36.Rxd7 Bxd7
37.Nf4 Nxf4 38.gxf4 Bf5 39.Re3 Rd8 40.Bxh5 Rd2+ 41.Re2 Rd4 42.Kg3 Rxc4 43.Bg4 Bd3
44.Re3 Rd4 45.h5 c4 46.f5 Rd8 47.f6+ Kh6 48.e6 fxe6 49.Rxe6 Kg5 50.f7 Rf8
51.Rxc6 Rxf7 52.Rxb6 Rf1 53.Rb5+ Kh6 54.Rxa5 Rb1 55.Kf4 Rxb2 56.Ra6+ Kg7
57.Ke3 Rg2 58.Bf3 Rg3 59.a4 Kh7 60.Rc6 Bc2 61.Rxc4 Bd1 62.Rf4 Rxf3+ 63.Rxf3 Bxa4
64.Rf6 Be8 65.h6 Bg6 66.Rxg6 Kxg6 67.h7 Kxh7  1/2-1/2

[Event "75th Tata Steel GpA"]
[Site "Wijk aan Zee NED"]
[Date "2013.01.22"]
[Round "9.7"]
[White "Nakamura,Hi"]
[Black "Giri,A"]
[Result "1/2-1/2"]
[WhiteElo "2769"]
[BlackElo "2720"]

1.e4 c5 2.Nf3 e6 3.b3 a6 4.c4 d6 5.d4 cxd4 6.Qxd4 Nf6 7.Nc3 Be7 8.Be2 O-O
9.O-O Qc7 10.Rd1 Rd8 11.Ba3 Nc6 12.Qe3 Ng4 13.Qd2 b5 14.cxb5 axb5 15.Bb2 b4
16.Na4 Bd7 17.Nd4 Nce5 18.Qxb4 Rdb8 19.Qc3 Qb7 20.Bxg4 Nxg4 21.Qg3 Qxe4 22.Nc3 Qg6
23.a4 d5 24.Ba3 Bf6 25.h3 Ne5 26.Qxg6 Nxg6 27.Rab1 e5 28.Nde2 d4 29.Ne4 Bd8
30.N2g3 f6 31.Nc5 Bc8 32.Nge4 Be7 33.Ra1 f5 34.Nd2 Nf4 35.Nd7 Bxd7 36.Bxe7 Ra6
37.Nc4 Rg6 38.Nxe5 Rxg2+ 39.Kf1 Rh2 40.Kg1 Rg2+ 41.Kf1 Rh2 42.Kg1 Rg2+  1/2-1/2

[Event "75th Tata Steel GpA"]
[Site "Wijk aan Zee NED"]
[Date "2013.01.25"]
[Round "11.5"]
[White "Nakamura,Hi"]
[Black "Aronian,L"]
[Result "0-1"]
[WhiteElo "2769"]
[BlackElo "2802"]

1.d4 d5 2.c4 c6 3.Nc3 Nf6 4.e3 e6 5.Nf3 a6 6.c5 Nbd7 7.Na4 b5 8.cxb6 Nxb6
9.Bd2 Nxa4 10.Qxa4 Bd7 11.Qc2 Qb6 12.Rc1 Rb8 13.Bd3 Qxb2 14.O-O Bd6 15.Ne5 Qxc2
16.Rxc2 c5 17.Nxd7 Nxd7 18.Bxa6 c4 19.a4 Bb4 20.Bc1 Nf6 21.f3 O-O 22.e4 Ne8
23.Bb5 Rb6 24.Bf4 Nd6 25.Rb1 Ba5 26.Kf1 f6 27.Rcb2 Rfb8 28.h4 c3 29.Re2 e5
30.dxe5 Nxb5 31.axb5 d4 32.Rd1 Rxb5 33.Rc2 d3 34.Rxd3 Rb1+ 35.Bc1 R8b2 36.Rcxc3 Bxc3
37.Rxc3 Rd2 38.Rc8+ Kf7 39.Rc7+ Ke6 40.exf6 gxf6 41.Kg1 Rd1+ 42.Kh2 Rbxc1
43.Rxh7 Rd7 44.Rh6 Rcc7 45.Rh8 Rh7 46.Re8+ Kf7 47.Ra8 Rxh4+ 48.Kg3 Rh1  0-1

[Event "75th Tata Steel GpA"]
[Site "Wijk aan Zee NED"]
[Date "2013.01.27"]
[Round "13.1"]
[White "Nakamura,Hi"]
[Black "Harikrishna,P"]
[Result "1/2-1/2"]
[WhiteElo "2769"]
[BlackElo "2698"]

1.g3 Nf6 2.Bg2 d5 3.d3 e5 4.Nf3 Bd6 5.Nc3 c6 6.O-O O-O 7.e4 dxe4 8.dxe4 Re8
9.Qe2 Bf8 10.Nh4 g6 11.Bg5 Bg7 12.a4 Nbd7 13.Rfd1 Qe7 14.a5 Nc5 15.h3 Be6
16.Qe3 Qf8 17.Qf3 Ncd7 18.Bf1 b5 19.a6 Rac8 20.Kh2 Rb8 21.Ng2 Rec8 22.Ne1 Ne8
23.Nd3 Nc7 24.b4 Rb6 25.Be3 Rxa6 26.Nc5 Nxc5 27.Bxc5 Qe8 28.Qe3 Bf8 29.f4 f6
30.fxe5 fxe5 31.Ne2 Rxa1 32.Rxa1 a6 33.Nc1 Bxc5 34.Qxc5 Qf8 35.Nd3 Qxc5 36.Nxc5 Rd8
37.Kg1 Bc8 38.Nd3 Re8 39.h4 Kg7 40.Ra3 Kf6 41.Rc3 Bd7 42.Bh3 Ke7 43.Bxd7 Kxd7
44.Nc5+ Kc8 45.Nd3 Kd7 46.Nc5+ Kc8 47.Nb3 Kd7 48.Rd3+ Kc8 49.Rf3 Ne6 50.Rf7 h5
51.Rf6 Kd7 52.Rxg6 Rc8 53.Rh6 c5 54.bxc5 Nxc5 55.Rxh5 Nxe4 56.g4 Nf6 57.Rxe5 Nxg4
58.Rc5 Rxc5 59.Nxc5+ Ke7 60.Nxa6 Ne3 61.Nb4 Nf5 62.h5 Ne3 63.Kf2 Nxc2 64.Nxc2 Kf6
65.Nd4 Kg5 66.Nxb5 Kxh5  1/2-1/2

[Event "Renova FIDE GP Zug"]
[Site "Zug SUI"]
[Date "2013.04.18"]
[Round "1.4"]
[White "Karjakin,Sergey"]
[Black "Nakamura,Hi"]
[Result "1/2-1/2"]
[WhiteElo "2786"]
[BlackElo "2767"]

1.e4 e6 2.d4 d5 3.Nc3 Nf6 4.e5 Nfd7 5.f4 c5 6.Nf3 Nc6 7.Be3 cxd4 8.Nxd4 Qb6
9.Qd2 Qxb2 10.Rb1 Qa3 11.Bb5 Nxd4 12.Bxd4 a6 13.Bxd7+ Bxd7 14.Rb3 Qe7 15.Rxb7 Qd8
16.f5 Qc8 17.Rb3 Qc4 18.fxe6 fxe6 19.Rf1 Be7 20.Qd3 Rc8 21.Kd2 Rf8 22.Qxc4 Rxc4
23.Rb8+ Bc8 24.Rxf8+ Bxf8 25.Ne2 Kd7 26.c3 Ra4 27.Nc1 Kc7 28.Rb1 Bd7 29.Ra1 Bb5
30.Nb3 Kc6 31.Kc2 Bc4 32.Kb2 Bd3 33.a3 Be7 34.Nd2 Kb5 35.g3 h5 36.Kb3 g5
37.Kb2 g4 38.Be3 Bf8 39.Bd4 Bf5 40.Kb3 Bh6 41.Rd1 Bd3 42.Kb2 Bf8 43.Ra1 Be7
44.Be3 h4 45.Bd4 h3 46.Be3 Bf5 47.Kb3 Bf8 48.Kb2 Bg7 49.Bd4 Bh6 50.Rd1 Bg6
51.Kb3 Bf5 52.Kb2 Bg5 53.Kb3 Kc6 54.Nf1 Ra5 55.Ne3 Rb5+ 56.Ka2 Be4 57.Re1 Bf3
58.a4 Rb7 59.Rb1 Rxb1 60.Kxb1 a5 61.Kc2 Bd8 62.Kd2 Kd7 63.Nc2 Ke8 64.Be3 Bc7
65.Bf4 Be4 66.Nd4 Kd7 67.Kc1 Bg6 68.Kb2 Be8 69.Kb3 Bg6 70.Kb2 Bd3 71.Kb3 Bb6
72.Kb2 Ke7 73.Kb3 Kf7 74.Kb2 Ba6 75.Kb3 Kg6 76.Bd2 Bc8 77.Kb2 Bd7 78.Kb3 Bc5
79.Bc1 Bxd4 80.cxd4 Kf5 81.Kc3 Ke4 82.Ba3 Bxa4 83.Bb2 Ke3 84.Ba3 Bb5 85.Bb2 a4
86.Ba3 Bc4 87.Bb2 Bb3 88.Ba3 Ke2 89.Bb2 Bd1 90.Ba3 Kf2 91.Kd2 Kg2 92.Ke1 Bb3
93.Bb2 Kf3 94.Kd2 Ba2 95.Ba3 Bc4 96.Bb2 Ke4 97.Kc3 Kf3 98.Kd2 Kg2 99.Ke1 Kxh2
100.Kf2 Kh1 101.Ba3 Be2 102.Bb2 h2 103.Ba3 Bd1 104.Bb2 Be2 105.Ba3 Bd1 106.Bb2 Be2
107.Ba3  1/2-1/2

[Event "Renova FIDE GP Zug"]
[Site "Zug SUI"]
[Date "2013.04.19"]
[Round "2.3"]
[White "Nakamura,Hi"]
[Black "Giri,A"]
[Result "1/2-1/2"]
[WhiteElo "2767"]
[BlackElo "2727"]

1.d4 Nf6 2.c4 e6 3.Nf3 Bb4+ 4.Bd2 Bxd2+ 5.Nbxd2 d6 6.g3 O-O 7.Bg2 Re8 8.O-O e5
9.e4 a5 10.Qc2 Na6 11.Qc3 exd4 12.Nxd4 Nc5 13.Rfe1 c6 14.b3 Bd7 15.h3 h6
16.Re3 Qc7 17.Rae1 Re7 18.f4 Rae8 19.a3 h5 20.Nc2 Bc8 21.b4 axb4 22.axb4 Ne6
23.Rf1 b6 24.Nf3 Nf8 25.Ng5 N8h7 26.Nxh7 Kxh7 27.Qd3 Kg8 28.Nd4 Bd7 29.Rfe1 c5
30.bxc5 Qxc5 31.Nb3 Qc7 32.Qd4 Bc6 33.Nd2 b5 34.cxb5 Bxb5 35.Nb1 Qa7 36.Qxa7 Rxa7
37.Nc3 Bc6 38.Rd1 Rd7 39.Rd4 Ra8 40.Bf3 Ra3 41.Kf2 Kf8 42.Rc4 Bb7 43.e5 Ne8
44.Bxb7 Rxb7 45.Rc8 dxe5 46.Rxe5 Re7 47.Nd5 Rxe5 48.fxe5 Ra5 49.Rd8 Rc5 50.Kf3 Rc6
51.Kf4 Rc1 52.Ra8 Rf1+ 53.Kg5 Re1 54.Kf5 Rf1+ 55.Nf4 Rf3 56.g4 hxg4 57.hxg4 Rf1
58.g5 Ke7 59.Ra7+ Kf8 60.Rd7 g6+ 61.Ke4 Re1+ 62.Kd5 Rd1+ 63.Kc6 Rxd7 64.Kxd7 Ng7
65.e6 Nf5 66.Nd5 fxe6 67.Kxe6 Nd4+ 68.Kf6 Nf3 69.Nf4 Nxg5 70.Kxg5 Kf7 71.Nxg6  1/2-1/2

[Event "Renova FIDE GP Zug"]
[Site "Zug SUI"]
[Date "2013.04.20"]
[Round "3.5"]
[White "Leko,P"]
[Black "Nakamura,Hi"]
[Result "1/2-1/2"]
[WhiteElo "2744"]
[BlackElo "2767"]

1.e4 e6 2.d4 d5 3.Nc3 Nf6 4.e5 Nfd7 5.f4 c5 6.Nf3 Nc6 7.Be3 cxd4 8.Nxd4 Qb6
9.Qd2 Qxb2 10.Rb1 Qa3 11.Bb5 Nxd4 12.Bxd4 a6 13.Bxd7+ Bxd7 14.Rb3 Qe7 15.Rxb7 Qh4+
16.Bf2 Qd8 17.Bb6 Qc8 18.Rc7 Qd8 19.Qd4 Ba3 20.Nb1 Be7 21.c4 Rb8 22.Nd2 O-O
23.cxd5 exd5 24.O-O Bf5 25.Nb3 Ba3 26.Rb7 Qc8 27.Rc7 Qd8 28.h3 Qh4 29.Kh2 Bb2
30.Qxb2 Rxb6 31.Qf2 Qxf2 32.Rxf2 Rb4 33.g4 Bb1 34.Nc5 d4 35.Rd7 Rb5 36.Nxa6 d3
37.Rd4 g5 38.Nb4 gxf4 39.Nxd3 Bxd3 40.Rxd3 Rxe5 41.Rd4 Ra8 42.a4 Re3 43.Rdxf4 Ra3
44.Rxf7 R3xa4 45.Kg3 R4a7 46.R7f5 Ra5 47.Re2 Rxf5 48.gxf5 Kf7 49.Kf4 Ra6
50.Kg5 h6+ 51.Kh5 Kf6 52.Rf2 Ra4 53.h4 Rb4 54.Rh2 Kxf5 55.Kxh6 Rb6+ 56.Kg7 Rb7+
57.Kh6 Rb6+ 58.Kg7 Rb7+ 59.Kh6 Ke5  1/2-1/2

[Event "Renova FIDE GP Zug"]
[Site "Zug SUI"]
[Date "2013.04.21"]
[Round "4.2"]
[White "Nakamura,Hi"]
[Black "Kamsky,G"]
[Result "1/2-1/2"]
[WhiteElo "2767"]
[BlackElo "2741"]

1.d4 d5 2.c4 c6 3.Nc3 Nf6 4.e3 g6 5.Nf3 Bg7 6.h3 O-O 7.Be2 a6 8.O-O dxc4
9.Bxc4 b5 10.Bb3 c5 11.dxc5 Bb7 12.e4 Qxd1 13.Rxd1 Nxe4 14.Nxe4 Bxe4 15.a4 b4
16.Nd2 Bd3 17.Nc4 Be2 18.Re1 Bxc4 19.Bxc4 Nc6 20.Rb1 Bd4 21.Bd5 Rac8 22.Bxc6 Rxc6
23.Rxe7 Rxc5 24.Rd7 Bg7 25.Be3 Rcc8 26.Rd6 Rfd8 27.Rxa6 Bd4 28.Bxd4 Rxd4
29.b3 Rc2 30.Rf6 h5 31.g3 Kg7 32.Rf3 g5 33.Kg2 Kg6 34.Re1 g4 35.hxg4 hxg4
36.Rf4 Rxf4 37.gxf4 Rb2 38.Re3 f5 39.Kg3 Kf6 40.f3 gxf3 41.Kxf3 Rd2 42.Kg3 Rc2
43.a5 Ra2 44.Rd3 Rxa5 45.Rd6+ Ke7 46.Rb6 Ra2 47.Rxb4 Rd2 48.Kh4 Rg2 49.Rd4 Ke6
50.b4 Rg1 51.Kh3 Rg8 52.b5 Rh8+ 53.Kg3 Rg8+ 54.Kh4 Rh8+ 55.Kg5 Rg8+ 56.Kh6 Rb8
57.Ra4 Rxb5 58.Kg6 Rc5 59.Ra7 Rb5 60.Rf7 Ra5 61.Rf8 Ke7 62.Rb8 Ra6+ 63.Kxf5 Kf7
64.Rb7+ Kf8 65.Kg5 Rc6 66.f5 Ra6 67.Rb8+ Kf7 68.Rb7+ Kf8 69.Rb8+ Kf7 70.Rb7+ Kf8  1/2-1/2